Normal view
MARC view
Entry Personal Name
001 - CONTROL NUMBER
- control field: 1493
003 - CONTROL NUMBER IDENTIFIER
- control field: ARRUPE
005 - DATE AND TIME OF LATEST TRANSACTION
- control field: 20130926162746.0
008 - FIXED-LENGTH DATA ELEMENTS
- fixed length control field: 130926|| aca||aabn | a|a d
040 ## - CATALOGING SOURCE
- Original cataloging agency: ARRUPE
- Transcribing agency: ARRUPE
100 ## - HEADING--PERSONAL NAME
- Personal name: Aland, Kurt.
- Title of a work: Die Säuglingstaufe im Neuen Testament und in der alten Kirche.
670 ## - SOURCE DATA FOUND
- Source citation: Work cat.: (ARRUPE)0: Jeremias, Joachim, 1900- 1491, The origins of infant baptism;, [1963]